Statistics for Formula One Constructor's Championship Quiz

Click here to take the quiz!

General Stats

  • This quiz has been taken 209 times
  • The average score is 32 of 59

Answer Stats

YearConstructor(s)% Correct
2016Mercedes
94%
2015Mercedes
94%
2014Mercedes
94%
2002Ferrari
93%
1983Ferrari
93%
1977Ferrari
93%
1976Ferrari
93%
1975Ferrari
93%
1999Ferrari
93%
2000Ferrari
93%
2001Ferrari
93%
2004Ferrari
93%
2003Ferrari
93%
1982Ferrari
93%
2007Ferrari
93%
2008Ferrari
93%
1964Ferrari
93%
1961Ferrari
93%
1979Ferrari
93%
2005Renault
64%
2006Renault
64%
2009Brawn
61%
1958Vanwall
51%
1998McLaren-Mercedes
47%
1962BRM
45%
1988McLaren-Honda
44%
1989McLaren-Honda
44%
1990McLaren-Honda
44%
1991McLaren-Honda
44%
2010Red Bull-Renault
44%
2013Red Bull-Renault
44%
2011Red Bull-Renault
44%
2012Red Bull-Renault
44%
1992Williams-Renault
42%
1997Williams-Renault
42%
1993Williams-Renault
42%
1994Williams-Renault
42%
1996Williams-Renault
42%
1995Benetton-Renault
33%
1987Williams-Honda
31%
1986Williams-Honda
31%
1968Lotus-Ford
26%
1973Lotus-Ford
26%
1972Lotus-Ford
26%
1978Lotus-Ford
26%
1970Lotus-Ford
26%
1974McLaren-Ford
25%
1985McLaren-TAG
25%
1984McLaren-TAG
25%
1980Williams-Ford
25%
1981Williams-Ford
25%
1971Tyrrell-Ford
23%
1959Cooper-Climax
21%
1960Cooper-Climax
21%
1969Matra-Ford
19%
1965Lotus-Climax
18%
1963Lotus-Climax
18%
1967Brabham-Repco
16%
1966Brabham-Repco
16%

Score Distribution

Percentile by Number Answered

Percent of People with Each Score

Your Score History

You have not taken this quiz